000 00325nam a2200121 a 4500
001 4144
005 20140414131948.0
008 090317s19uu xx 00 eng d
050 _aTR 372.4
_bH18 1999
100 _aHammond, Anne
245 _aGuided reading :
_bteacher rsource book for solo reading series 2.
999 _c112716
_d112716